[Event "XVe Open International de l'Indre"]
[Site "Chateauroux - FRA"]
[Date "2014.10.28"]
[Round "6.16"]
[White "Owen, Michael"]
[Black "Budak, Rezan"]
[Result "1-0"]
[WhiteElo "1682"]
[BlackElo "1482"]
[Board "16"]
[Input " "]
[Owner "FFE"]

1.Nf3 c5 2.b3 Nf6 3.Bb2 d5 4.e3 e6 5.a4 Nc6 6.Bb5 Bd7 7.Bxc6 Bxc6 8.
Ne5 Qc7 9.f4 Rd8 10.Nxc6 Qxc6 11.Qf3 Be7 12.O-O Qd7 13.d3 Rc8 14.Na3 
Qc6 15.Rae1 Qb6 16.Kh1 O-O 17.e4 Rfe8 18.e5 Nd7 19.f5 Bf8 20.Nb5 Kh8 
21.Qh5 g6 22.fxg6 fxg6 23.Qg4 Re7 24.Nd6 Rc7 25.Rf3 d4 26.Nc4 Qc6 27.
Ref1 Kg7 28.Bc1 Kg8 29.Bg5 Re8 30.Qf4 Nb6 31.Nd6 Bxd6 32.exd6 Nd5 33.
Qe5 Rd7 34.Be7 Rdxe7 35.dxe7 Nxe7 36.Rf7 1-0

[Event "XVe Open International de l'Indre"]
[Site "Chateauroux - FRA"]
[Date "2014.10.28"]
[Round "6.17"]
[White "Sogny, Richard"]
[Black "Gauclain, Loic"]
[Result "0-1"]
[WhiteElo "1624"]
[BlackElo "1675"]
[Board "17"]
[Input " "]
[Owner "FFE"]

1.d4 d5 2.Nf3 Bf5 3.e3 Nf6 4.Nbd2 c5 5.dxc5 e6 6.b4 Nc6 7.c3 Be7 8.
Bb5 Qc7 9.Nd4 Bg4 10.Bxc6+ bxc6 11.Qa4 Rc8 12.h3 Bh5 13.O-O O-O 14.f4
e5 15.fxe5 Qxe5 16.N2f3 Bxf3 17.Rxf3 Ne4 18.Qc2 Ng5 19.Rf5 Qg3 20.Bb2
g6 21.Rf3 Nxf3+ 22.Nxf3 Bg5 23.Re1 Rce8 24.e4 f5 25.e5 Bf4 26.e6 Rf6 
27.Qe2 Rfxe6 28.Qxe6+ Rxe6 29.Rxe6 Kf7 30.Re2 g5 31.c4 g4 32.Ne5+ Kg8
33.hxg4 fxg4 34.Kf1 Qh2 35.Nxg4 Qh1+ 36.Kf2 Qh4+ 37.Kf1 Qxg4 38.Bd4 
Bh2 39.Bf2 dxc4 40.g3 Qh3+ 41.Ke1 Bxg3 42.Bxg3 Qxg3+ 43.Kf1 c3 0-1

[Event "XVe Open International de l'Indre"]
[Site "Chateauroux - FRA"]
[Date "2014.10.28"]
[Round "6.18"]
[White "Claudon, Andreas"]
[Black "Darre, Alain"]
[Result "1/2-1/2"]
[WhiteElo "1479"]
[BlackElo "1643"]
[Board "18"]
[Input " "]
[Owner "FFE"]

1.e4 d6 2.d4 Nf6 3.Nc3 Nbd7 4.Nf3 e5 5.dxe5 dxe5 6.Bg5 c6 7.Bc4 Be7 
8.Bxf6 Bxf6 9.O-O O-O 10.Ne2 Nc5 11.Ng3 Be6 12.Bxe6 Nxe6 13.c3 Qc7 
14.Qc2 Rad8 15.Rad1 a6 16.Rxd8 Rxd8 17.Rd1 Rd6 18.Rxd6 Qxd6 19.Qd2 
Be7 20.b4 Nf4 21.Qxd6 Bxd6 22.Ne1 f6 23.Kf1 Kf7 24.Ne2 Ne6 25.Nd3 b5 
26.Nec1 c5 27.bxc5 Nxc5 28.Nxc5 Bxc5 29.Nd3 Ba3 30.Nb4 Ke6 31.Ke2 
Bxb4 32.cxb4 Kd6 33.Ke3 Ke6 34.g3 Kd6 35.f4 Ke6 36.h4 h5 37.Kf3 f5 
38.Ke3 Kf6 39.a3 Ke6 40.Kf3 Kf6 41.Ke3 Ke6 42.Kf3 Kf6 43.Ke3 1/2-1/2

[Event "XVe Open International de l'Indre"]
[Site "Chateauroux - FRA"]
[Date "2014.10.28"]
[Round "6.19"]
[White "Triboulet, Benjamin"]
[Black "Cassonnet, Arnaud"]
[Result "1-0"]
[WhiteElo "1654"]
[BlackElo "1730"]
[Board "19"]
[Input " "]
[Owner "FFE"]

1.e4 d5 2.exd5 Qxd5 3.d4 Nc6 4.Nf3 Bg4 5.Be2 e6 6.c4 Qd8 7.d5 Nce7 8.
Qa4+ c6 9.dxe6 Bxe6 10.Nc3 g6 11.O-O Nf6 12.Rd1 Qd7 13.Bg5 Bg7 14.
Bxf6 Bxf6 15.Ne4 Bxb2 16.Nd6+ Kf8 17.Rab1 Bf6 18.Rxb7 Qd8 19.Nxf7 
Qxd1+ 20.Bxd1 Bxf7 21.Rxa7 Rd8 22.Ra8 Kg7 23.Rxd8 Rxd8 24.Bb3 c5 25.
Qa5 Rc8 26.h4 Nf5 27.g3 Nd4 28.Nxd4 cxd4 29.c5 Bxb3 30.axb3 Rd8 31.c6
d3 32.c7 Rd4 33.c8=Q Kh6 34.Qf8+ 1-0

[Event "XVe Open International de l'Indre"]
[Site "Chateauroux - FRA"]
[Date "2014.10.28"]
[Round "6.20"]
[White "Meunier-Pion, Jean"]
[Black "Azen, Bernard"]
[Result "1-0"]
[WhiteElo "1730"]
[BlackElo "1540"]
[Board "20"]
[Input " "]
[Owner "FFE"]

1.e4 e6 2.d4 d5 3.e5 c5 4.c3 Nc6 5.Nf3 Bd7 6.a3 Rc8 7.Be2 Qb6 8.O-O 
c4 9.Ng5 Nge7 10.Qc2 Nf5 11.g4 Nfxd4 12.cxd4 Nxd4 13.Qd1 Nb3 14.Ra2 
h6 15.Nh3 Nxc1 16.Qxc1 Qb3 17.Nc3 d4 18.Bd1 dxc3 19.Bxb3 cxb3 20.Ra1 
c2 21.Qe3 Rc4 22.Qxb3 Rxg4+ 23.Kh1 Ba4 24.Qxb7 Rc4 25.Qb8+ Ke7 26.
Qxa7+ Kd8 27.f3 Bc6 28.Rac1 g5 29.b3 Rc5 30.Qxc5 Bxc5 31.Rxc2 g4 32.
Rxc5 Bxf3+ 33.Kg1 Kd7 34.Rfc1 Rb8 35.Nf4 Kd8 36.Kf2 Be4 37.Nh5 1-0

[Event "XVe Open International de l'Indre"]
[Site "Chateauroux - FRA"]
[Date "2014.10.28"]
[Round "6.21"]
[White "Wierzbowska, Aleksandra"]
[Black "Augonnet, Herve"]
[Result "1-0"]
[WhiteElo "1409"]
[BlackElo "1682"]
[Board "21"]
[Input " "]
[Owner "FFE"]

1.d4 d5 2.c4 c6 3.e3 Bf5 4.Nc3 e6 5.cxd5 exd5 6.Bd3 Bxd3 7.Qxd3 Nf6 
8.Nf3 Bd6 9.O-O Nbd7 10.Ne2 Ne4 11.Nd2 Ndf6 12.f3 Nxd2 13.Bxd2 Qc7 
14.h3 Qe7 15.Nc3 O-O 16.a3 Rfe8 17.b4 a5 18.bxa5 Bxa3 19.Nxd5 cxd5 
20.Qxa3 Qe6 21.Rab1 Qa6 22.Qb3 Rab8 23.Qb5 Rec8 24.Qxa6 bxa6 25.Kf2 
Kf8 26.Rfc1 Ke7 27.Rxc8 Rxc8 28.Rb7+ Nd7 29.Kg3 Rc2 30.Bb4+ Ke6 31.e4
Nf6 32.Re7# 1-0

[Event "XVe Open International de l'Indre"]
[Site "Chateauroux - FRA"]
[Date "2014.10.28"]
[Round "6.22"]
[White "Petit, Matthias"]
[Black "Clement, Christian"]
[Result "1-0"]
[WhiteElo "1263"]
[BlackElo "1403"]
[Board "22"]
[Input " "]
[Owner "FFE"]

1.f4 Nc6 2.Nf3 d5 3.e3 Nf6 4.b3 Bg4 5.Bb2 Ne4 6.Bb5 Bd7 7.d3 Nd6 8.
Bxc6 Bxc6 9.Ne5 Bd7 10.O-O Nf5 11.Re1 e6 12.e4 dxe4 13.dxe4 Bc5+ 14.
Kh1 Ne3 15.Qd3 f6 16.Qc3 Bb6 17.Nc4 Nxc4 18.Qxc4 Qe7 19.Nc3 O-O-O 20.
a4 a6 21.a5 Bf2 22.Rf1 Qc5 23.Qxc5 Bxc5 24.Na4 Bb4 25.Bc3 Bxc3 26.
Nxc3 Bc6 27.Rad1 Rxd1 28.Rxd1 Rd8 29.Rxd8+ Kxd8 30.Kg1 Ke7 31.Kf2 Kd6
32.b4 e5 33.f5 Be8 34.Nd5 Ba4 35.c4 c5 36.Ke3 cxb4 37.Nxb4 Kc5 38.Nd5
Bb3 39.Nc7 Bxc4 40.Ne8 Kb5 41.Nxg7 Kxa5 42.Ne8 b5 43.Nxf6 b4 44.Nd7 
b3 45.Nxe5 Kb4 46.Nxc4 Kxc4 47.Kd2 a5 48.f6 a4 49.f7 b2 50.Kc2 1-0

[Event "XVe Open International de l'Indre"]
[Site "Chateauroux - FRA"]
[Date "2014.10.28"]
[Round "6.23"]
[White "Bohdanowicz, Nikola"]
[Black "Zarebska, Lena"]
[Result "1-0"]
[WhiteElo "1146"]
[BlackElo "1201"]
[Board "23"]
[Input " "]
[Owner "FFE"]

1.d4 Nf6 2.c4 g6 3.Nf3 Bg7 4.Nc3 O-O 5.Bf4 c6 6.e4 d5 7.e5 Nh5 8.Be3 
f5 9.h3 f4 10.Bd2 Be6 11.c5 b6 12.b4 a5 13.a3 Bf5 14.Be2 b5 15.Nh4 
Be4 16.Bxh5 gxh5 17.O-O Bg6 18.g4 e6 19.Nxg6 hxg6 20.gxh5 Qg5+ 21.Qg4
Qxg4+ 22.hxg4 gxh5 23.gxh5 a4 24.f3 Rf5 25.Ne2 Bh6 26.Kf2 Kf7 27.Rh1 
Nd7 28.Rh4 Bg5 29.Rg4 Rh8 30.Rh1 Ke7 31.Bxf4 Bxf4 32.Nxf4 Rf7 33.Ng6+
Kd8 34.Nxh8 Rh7 35.Rg8+ Kc7 36.Ng6 Rf7 37.h6 Rh7 38.Rg7 Rxg7 39.hxg7 
1-0

[Event "XVe Open International de l'Indre"]
[Site "Chateauroux - FRA"]
[Date "2014.10.28"]
[Round "6.24"]
[White "Krianga, Georgii"]
[Black "Bleau, Benoit"]
[Result "1-0"]
[WhiteElo "1277"]
[BlackElo "1278"]
[Board "24"]
[Input " "]
[Owner "FFE"]

1.e4 e5 2.Nf3 Nc6 3.Bc4 h6 4.Nc3 Nf6 5.d3 Bc5 6.Na4 Bb4+ 7.Bd2 Qe7 8.
a3 Bxd2+ 9.Qxd2 d6 10.Bb3 O-O 11.Nc3 Be6 12.Nd5 Bxd5 13.exd5 e4 14.
dxe4 Qxe4+ 15.Kf1 Ne7 16.Re1 Qg6 17.Rxe7 Rac8 18.c4 Rfe8 19.Rxe8+ 
Rxe8 20.Bc2 Ne4 21.Bxe4 Qxe4 22.Ne1 Qxc4+ 23.Kg1 Re2 24.Qd1 Qe4 25.
Kf1 Rxb2 26.f3 Qe3 27.Nc2 Qb3 28.Qe2 Qxc2 29.Qxc2 Rxc2 30.Rg1 Rc1+ 
31.Kf2 Rxg1 32.Kxg1 f5 33.Kf2 Kf7 34.Ke3 Kf6 35.f4 c6 36.Kd4 h5 37.h4
cxd5 38.Kxd5 b5 39.Kxd6 a5 40.Kc5 b4 41.axb4 a4 42.Kc4 Ke6 43.b5 Kd7 
44.Kb4 Kc7 45.Kxa4 Kb6 46.Kb4 Kb7 47.Kc5 Kc7 48.b6+ Kb7 49.Kb5 Kb8 
50.Kc6 Kc8 51.Kd6 Kb7 52.Ke6 Kxb6 53.Kxf5 Kc6 54.Kg6 Kd6 55.Kxg7 Ke6 
56.Kg6 1-0

[Event "XVe Open International de l'Indre"]
[Site "Chateauroux - FRA"]
[Date "2014.10.29"]
[Round "7.1"]
[White "Battaglini, Gabriel"]
[Black "Sobry, Sebastien"]
[Result "1-0"]
[WhiteElo "2430"]
[BlackElo "2033"]
[Board "1"]
[Input " "]
[Owner "FFE"]

1.c4 Nf6 2.d4 c5 3.d5 b5 4.cxb5 a6 5.bxa6 g6 6.Nc3 Bxa6 7.g3 d6 8.Bg2
Bg7 9.Nf3 O-O 10.O-O Nbd7 11.Rb1 Qa5 12.Qc2 Nb6 13.Nd2 Bb7 14.e4 Na4 
15.Nb3 Qa6 16.Bd2 Qc4 17.Nc1 Nxc3 18.Qxc3 Qa4 19.b3 Qa7 20.Qc2 Nd7 
21.Bc3 Bxc3 22.Qxc3 Nb6 23.Rd1 Rfc8 24.a4 Rc7 25.Nd3 Bc8 26.Rdc1 Bd7 
27.Nb2 Rcc8 28.Bf1 f5 29.Bd3 fxe4 30.Bxe4 Be8 31.Qd3 Qd7 32.h4 Qg4 
33.Nd1 c4 34.Ne3 cxd3 35.Nxg4 d2 36.Rd1 Nxa4 37.bxa4 Rxa4 38.Bf3 Rd4 
39.Rb2 Rc1 40.Rxd2 Rdc4 41.Rxc1 Rxc1+ 42.Rd1 Rc5 43.Ne3 Kg7 44.g4 Ra5
45.Kg2 Ra4 46.Kg3 h6 47.g5 h5 48.Rc1 Kf7 49.Ng2 Bd7 50.Nf4 Bf5 51.Re1
Ra3 52.Re3 Ra5 53.Be4 Bxe4 54.Rxe4 Rb5 55.Re6 Rxd5 56.Rxe7+ Kxe7 57.
Nxd5+ Ke6 58.Nf4+ 1-0

[Event "XVe Open International de l'Indre"]
[Site "Chateauroux - FRA"]
[Date "2014.10.29"]
[Round "7.2"]
[White "Viers, Emmanuel"]
[Black "Inkiov, Ventzislav"]
[Result "0-1"]
[WhiteElo "2035"]
[BlackElo "2435"]
[Board "2"]
[Input " "]
[Owner "FFE"]

1.e4 c5 2.Nc3 Nc6 3.Bb5 d6 4.d3 g6 5.f4 Bg7 6.Nf3 Nf6 7.O-O O-O 8.Qe1
Nd4 9.Nxd4 cxd4 10.Nd5 Nxd5 11.exd5 Bd7 12.Bc4 b5 13.Bb3 a5 14.a4 
bxa4 15.Bxa4 Bxa4 16.Rxa4 Rc8 17.Rc4 Rxc4 18.dxc4 Qc7 19.b3 a4 20.Qb4
axb3 21.cxb3 Rb8 22.Qa3 Qb6 23.Rf3 d3+ 24.Kf1 Qxb3 25.Qxb3 Rxb3 26.
Bd2 Bd4 27.g3 Bc5 28.Kg2 Rb2 29.Rxd3 Bb4 30.Kf3 Rxd2 31.Rb3 Bc5 32.h4
Rc2 33.Rb7 Kf8 34.Rb8+ Kg7 35.Re8 Kf6 36.g4 Rc3+ 37.Kg2 Rxc4 38.Kf3 
Rc3+ 39.Kg2 Re3 40.Rh8 Kg7 41.Re8 h5 42.g5 Ba3 43.Ra8 Rc3 44.Ra7 Bc1 
45.f5 gxf5 46.Rxe7 Bf4 47.Ra7 Be5 48.Ra2 Rd3 49.Ra5 Rg3+ 50.Kf2 Rg4 
0-1

Event "XVe Open International de l'Indre"]
[Site "Chateauroux - FRA"]
[Date "2014.10.29"]
[Round "7.3"]
[White "Malczyk, Jakub"]
[Black "Liohki, Nikola"]
[Result "0-1"]
[WhiteElo "2068"]
[BlackElo "2410"]
[Board "3"]
[Input " "]
[Owner "FFE"]

1.c4 e6 2.Nc3 d5 3.d4 Nf6 4.e3 Be7 5.Nf3 O-O 6.Bd3 dxc4 7.Bxc4 a6 8.
a4 c5 9.O-O Nc6 10.dxc5 Bxc5 11.e4 Qc7 12.Qe2 Ng4 13.h3 Nd4 0-1

[Event "XVe Open International de l'Indre"]
[Site "Chateauroux - FRA"]
[Date "2014.10.29"]
[Round "7.4"]
[White "Augereau, Cyrille"]
[Black "Bujisho, Benjamin"]
[Result "0-1"]
[WhiteElo "1943"]
[BlackElo "2350"]
[Board "4"]
[Input " "]
[Owner "FFE"]

1.Nc3 b6 2.e4 Bb7 3.g3 e6 4.Bg2 d5 5.d3 Nd7 6.Nh3 dxe4 7.O-O Ngf6 8.
Nxe4 Nxe4 9.Bxe4 Bxe4 10.dxe4 Be7 11.Qe2 O-O 12.Rd1 Qc8 13.Be3 a5 14.
Rd2 a4 15.Rad1 Nf6 16.Bg5 e5 17.Kg2 Qe6 18.Bxf6 Bxf6 19.b3 Be7 20.Rd5
axb3 21.axb3 Ra2 22.Ng1 c6 23.Rd7 Bc5 24.Qd3 Bd4 25.Rc7 Rb8 26.Ne2 
Qd6 27.c3 Qxc7 28.cxd4 Rd8 0-1

[Event "XVe Open International de l'Indre"]
[Site "Chateauroux - FRA"]
[Date "2014.10.29"]
[Round "7.5"]
[White "Trendowski, Michal"]
[Black "Valette, Christian"]
[Result "0-1"]
[WhiteElo "1569"]
[BlackElo "2042"]
[Board "5"]
[Input " "]
[Owner "FFE"]

1.e4 e6 2.d4 d5 3.exd5 exd5 4.Bd3 Bd6 5.Ne2 Qh4 6.Be3 Bg4 7.Nbc3 Ne7 
8.a3 c6 9.Qd2 h6 10.O-O-O Nd7 11.Rde1 O-O-O 12.Na4 Kb8 13.Bf4 Qf6 14.
Bxd6+ Qxd6 15.Qf4 Nf6 16.Qxd6+ Rxd6 17.Nf4 Re8 18.f3 Bc8 19.Nc5 g5 
20.Ne2 b6 21.Nb3 Bf5 22.Bxf5 Nxf5 23.Ng3 Ne3 24.Re2 Rde6 25.Nf1 Nxf1 
26.Rxe6 Rxe6 27.Rxf1 Re2 28.Rg1 Nh5 29.Kd1 Rf2 30.Nd2 Nf4 31.g3 Ne6 
32.h4 Nxd4 33.hxg5 hxg5 34.Ke1 Rxd2 0-1

[Event "XVe Open International de l'Indre"]
[Site "Chateauroux - FRA"]
[Date "2014.10.29"]
[Round "7.6"]
[White "Zarebski, Cezary"]
[Black "Gauthier, Cyrille"]
[Result "0-1"]
[WhiteElo "2025"]
[BlackElo "2013"]
[Board "6"]
[Input " "]
[Owner "FFE"]

1.e4 e5 2.f4 d5 3.exd5 exf4 4.Nf3 Nf6 5.d4 Nxd5 6.c4 Bb4+ 7.Nbd2 Qe7+
8.Qe2 Ne3 9.a3 Nc2+ 10.Kd1 Qxe2+ 11.Bxe2 Nxa1 12.Bd3 Be7 13.Re1 a5 
14.a4 Bd7 15.b3 Nc6 16.Ba3 Nb4 17.Bxb4 axb4 18.Kc1 Nxb3+ 19.Nxb3 Kf8 
20.a5 Ba4 21.Bc2 Bxb3 22.Bxb3 Bf6 23.Ne5 Bxe5 24.Rxe5 c6 25.Kd2 g6 
26.Kd3 Re8 27.Ke4 Rxe5+ 28.dxe5 Ke7 29.Kd4 Ra8 30.Kc5 Rxa5+ 31.Kb6 
Ra3 32.Bc2 b3 33.Be4 b2 34.Kxb7 b1=Q+ 35.Bxb1 Rb3+ 36.Kxc6 Rxb1 0-1

[Event "XVe Open International de l'Indre"]
[Site "Chateauroux - FRA"]
[Date "2014.10.29"]
[Round "7.7"]
[White "Gedda, Peder"]
[Black "Gey, Marc-Emile"]
[Result "0-1"]
[WhiteElo "1801"]
[BlackElo "1888"]
[Board "7"]
[Input " "]
[Owner "FFE"]

1.d4 d5 2.c4 e6 3.Nf3 Nf6 4.Bg5 Bb4+ 5.Nbd2 Nbd7 6.e3 c5 7.dxc5 O-O 
8.Be2 dxc4 9.O-O c3 10.bxc3 Bxc5 11.Qa4 Qc7 12.Rfe1 h6 13.Bh4 Be7 14.
Bf1 Nc5 15.Qc4 b6 16.Bg3 Bd6 17.Bxd6 Qxd6 18.Rad1 Qe7 19.Nd4 Bb7 20.
f3 Nd5 21.e4 Ba6 22.Qxa6 Nxa6 23.exd5 Nc7 24.dxe6 Nxe6 25.Nxe6 fxe6 
26.Bc4 Kh8 27.Bxe6 Qc5+ 28.Kh1 Rad8 29.Ne4 Qc6 30.Bb3 Rfe8 31.h3 g6 
32.Kh2 Kg7 33.Kh1 Rxd1 34.Rxd1 Rxe4 35.fxe4 Qxe4 36.Rd7+ Kf6 37.Rxa7 
Qe1+ 38.Kh2 Qxc3 39.Rf7+ Kg5 40.Rf3 Qe5+ 41.Kh1 Kh4 42.Rf1 g5 43.Rd1 
h5 44.Bd5 g4 45.Bb7 gxh3 46.gxh3 Kxh3 47.Rd3+ Kg4 48.Rd1 Qe3 49.Rg1+ 
Kf4 50.Rf1+ Ke5 51.Rg1 Qh3# 0-1

[Event "XVe Open International de l'Indre"]
[Site "Chateauroux - FRA"]
[Date "2014.10.29"]
[Round "7.8"]
[White "Viers, Matthieu"]
[Black "Chaudagne, Christophe"]
[Result "0-1"]
[WhiteElo "1794"]
[BlackElo "2108"]
[Board "8"]
[Input " "]
[Owner "FFE"]

1.e4 e6 2.d4 d5 3.Nd2 h6 4.c3 Nf6 5.e5 Nfd7 6.Bd3 c5 7.Ne2 b6 8.O-O 
Ba6 9.Bb1 Nc6 10.Nf3 cxd4 11.cxd4 Rc8 12.Re1 Bb4 13.Bd2 Bxd2 14.Qxd2 
Bxe2 15.Qxe2 Qe7 16.a3 Na5 17.Bc2 Nb8 18.Qd3 Qb7 19.Rac1 Nc4 20.Nd2 
b5 21.b4 Nc6 22.Nb3 Qb6 23.Nc5 a5 24.f4 axb4 25.f5 Nxd4 26.Qxd4 Qxc5 
27.Qxc5 Rxc5 28.axb4 Rc6 29.fxe6 fxe6 30.Bg6+ Ke7 31.Ra1 Rhc8 32.Ra7+
R6c7 33.Ra6 Rc6 34.Ra7+ R8c7 35.Ra8 Nxe5 36.Rxe5 Kf6 37.Re3 Kxg6 38.
Rb8 Rc1+ 39.Kf2 R7c2+ 40.Kf3 Rc3 41.Rxb5 Rxe3+ 42.Kxe3 Kf5 43.Rb7 g5 
44.Kd4 Rc4+ 45.Ke3 Ke5 46.b5 d4+ 47.Kd3 Rc3+ 48.Kd2 Ke4 49.Rb6 Kd5 
50.Rb8 e5 51.b6 Ke4 52.Rh8 Rb3 53.Rxh6 Kf5 54.Kc2 Rb4 55.h3 e4 56.g4+
Kf4 57.Rf6+ Ke3 58.h4 gxh4 59.g5 d3+ 60.Kc3 Rb5 61.g6 d2 62.Rd6 Rxb6 
63.g7 Rb8 64.Rxd2 Rc8+ 0-1

[Event "XVe Open International de l'Indre"]
[Site "Chateauroux - FRA"]
[Date "2014.10.29"]
[Round "7.9"]
[White "Egreteau, Eric"]
[Black "Bleau, Adrien"]
[Result "1-0"]
[WhiteElo "2038"]
[BlackElo "1752"]
[Board "9"]
[Input " "]
[Owner "FFE"]

1.e4 e6 2.Nc3 d5 3.d4 Nf6 4.Bg5 Be7 5.e5 Nfd7 6.h4 O-O 7.Bd3 c5 8.Nf3
f5 9.exf6 Bxf6 10.Qe2 Qe7 11.Bxf6 Rxf6 12.Nxd5 Qd6 13.Nxf6+ Nxf6 14.
dxc5 Qxc5 15.O-O-O Nc6 16.Bc4 Kh8 17.Rd2 e5 18.Nxe5 Nxe5 19.Rd8+ 1-0

[Event "XVe Open International de l'Indre"]
[Site "Chateauroux - FRA"]
[Date "2014.10.29"]
[Round "7.10"]
[White "Le Bail, Stephane"]
[Black "Letemple, Frederic"]
[Result "0-1"]
[WhiteElo "1754"]
[BlackElo "1950"]
[Board "10"]
[Input " "]
[Owner "FFE"]

1.d4 c5 2.c3 e6 3.Nf3 Nf6 4.Bf4 Nc6 5.e3 d5 6.Nbd2 Bd6 7.Bxd6 Qxd6 8.
Bb5 O-O 9.Bxc6 Qxc6 10.O-O b6 11.Ne5 Qc7 12.f4 Bb7 13.Ng4 Ne8 14.Qf3 
Nd6 15.Ne5 f6 16.Ng4 Rae8 17.Qe2 Bc6 18.Rfd1 Nf7 19.Nf3 h5 20.Nf2 g6 
21.Qc2 Nh8 22.Rac1 Rf7 23.b4 Qd6 24.bxc5 bxc5 25.Rb1 cxd4 26.cxd4 
Rfe7 27.Nd3 Kg7 28.Rdc1 Ba8 29.Qc5 Qd8 30.Nb4 Nf7 31.a4 Nd6 32.Nc6 
Bxc6 33.Qxc6 Nc4 34.Kf2 Rc7 35.Qa6 Qd7 36.Qb5 Qe7 37.Qb4 Qf7 38.h3 
Rec8 39.Ne1 a5 40.Qb5 0-1

[Event "XVe Open International de l'Indre"]
[Site "Chateauroux - FRA"]
[Date "2014.10.29"]
[Round "7.11"]
[White "Prevot, Rodolphe"]
[Black "Palomar, Felix"]
[Result "1-0"]
[WhiteElo "1922"]
[BlackElo "1726"]
[Board "11"]
[Input " "]
[Owner "FFE"]

1.Nf3 Nf6 2.c4 g6 3.b4 d5 4.cxd5 Qxd5 5.Bb2 Bg7 6.g3 O-O 7.Bg2 Qd8 8.
O-O c6 9.d4 Nbd7 10.Nbd2 Nb6 11.a4 a5 12.bxa5 Rxa5 13.Ne5 Nfd7 14.
Nec4 Nxc4 15.Nxc4 Ra8 16.Qb3 Rb8 17.a5 Qc7 18.Rfc1 Nf6 19.Nb6 Qd6 20.
e4 Qd8 21.d5 cxd5 22.exd5 Bf5 23.Be5 Ng4 24.Bc7 Qe8 25.Ra4 Bd7 26.
Nxd7 Qxd7 27.Bxb8 Rxb8 28.Rb4 h5 29.a6 b5 30.h3 Ne5 31.Rc5 Qa7 32.
Rbxb5 Ra8 33.d6 exd6 34.Rxe5 Rc8 35.Re1 Bd4 36.Rb7 1-0

[Event "XVe Open International de l'Indre"]
[Site "Chateauroux - FRA"]
[Date "2014.10.29"]
[Round "7.12"]
[White "Gauclain, Loic"]
[Black "Guillo, Nicolas"]
[Result "0-1"]
[WhiteElo "1675"]
[BlackElo "1900"]
[Board "12"]
[Input " "]
[Owner "FFE"]

1.e4 e6 2.d4 d5 3.exd5 exd5 4.Bd3 Nc6 5.c3 Nf6 6.f4 Bg4 7.Nf3 Qd7 8.
h3 Bf5 9.Be3 O-O-O 10.Bb5 Qe6 11.Ne5 Nxe5 12.dxe5 c5 13.Qe2 Nd7 14.
Nd2 h5 15.Nf3 Be7 16.O-O-O Nb6 17.Bd3 Be4 18.Rhg1 Kb8 19.g4 Bxf3 20.
Qxf3 d4 21.f5 Qxa2 22.Bb1 Qa4 23.Bd2 Nc4 24.Bf4 Qb3 25.e6+ Bd6 26.
Bxd6+ Rxd6 27.Qe2 dxc3 28.Bd3 cxb2+ 0-1

[Event "XVe Open International de l'Indre"]
[Site "Chateauroux - FRA"]
[Date "2014.10.29"]
[Round "7.13"]
[White "Kapala, Serge"]
[Black "Owen, Michael"]
[Result "1/2-1/2"]
[WhiteElo "1782"]
[BlackElo "1682"]
[Board "13"]
[Input " "]
[Owner "FFE"]

1.d4 Nf6 2.Nf3 c5 3.dxc5 Qa5+ 4.Nc3 Ne4 5.Bd2 Nxd2 6.Qxd2 Nc6 7.e4 g6
8.Bd3 Bg7 9.O-O O-O 10.Nd1 Qxc5 11.c3 d6 12.Ne3 Be6 13.Rfd1 Ne5 
1/2-1/2

[Event "XVe Open International de l'Indre"]
[Site "Chateauroux - FRA"]
[Date "2014.10.29"]
[Round "7.14"]
[White "Florence, Gerard"]
[Black "Meunier-Pion, Jean"]
[Result "0-1"]
[WhiteElo "1537"]
[BlackElo "1730"]
[Board "14"]
[Input " "]
[Owner "FFE"]

1.d4 Nf6 2.c4 g6 3.Nc3 Bg7 4.e4 d6 5.f3 O-O 6.Be3 Nc6 7.a3 e5 8.d5 
Ne7 9.Bd3 a6 10.Nge2 Ne8 11.g4 c6 12.h4 f5 13.gxf5 gxf5 14.Qc2 Bd7 
15.O-O-O cxd5 16.exd5 Rc8 17.Bg5 h6 18.Bxe7 Qxe7 19.Ng3 Qf7 20.Qe2 
Nc7 21.Kb1 Na8 22.Rhg1 Kh8 23.Rg2 Rce8 24.Rdg1 Rg8 25.Qc2 Ref8 26.Nd1
b5 27.cxb5 axb5 28.Nc3 Nc7 29.Qb3 Rb8 30.Ka1 Na6 31.Bb1 b4 32.Na4 
bxa3 33.Qxa3 Bxa4 34.Nxf5 Nc5 35.Rxg7 Rxg7 36.Rxg7 Nb3+ 37.Qxb3 Bxb3 
38.Rxf7 Ra8+ 39.Ba2 Bxa2 40.Rf6 Bxd5+ 41.Kb1 Bxf3 42.Rxh6+ Kg8 43.
Nxd6 Kg7 44.Nf5+ Kf7 45.Ne3 Be4+ 46.Kc1 Rc8+ 47.Kd2 Rd8+ 48.Kc3 Rd3+ 
49.Kc4 Rxe3 50.b4 Bg6 51.Rh8 Kg7 52.Rd8 Re4+ 53.Kd5 Rd4+ 0-1

[Event "XVe Open International de l'Indre"]
[Site "Chateauroux - FRA"]
[Date "2014.10.29"]
[Round "7.15"]
[White "Kessler, Stefan"]
[Black "Triboulet, Benjamin"]
[Result "1-0"]
[WhiteElo "2023"]
[BlackElo "1654"]
[Board "15"]
[Input " "]
[Owner "FFE"]

1.c4 c6 2.e4 d5 3.exd5 cxd5 4.d4 Nf6 5.Nc3 Nc6 6.Nf3 Bg4 7.cxd5 Nxd5 
8.Bb5 Nxc3 9.bxc3 a6 10.Bxc6+ bxc6 11.Qd3 Qd5 12.c4 Qe6+ 13.Qe2 g6 
14.h3 Bxf3 15.Qxe6 fxe6 16.gxf3 Bg7 17.Be3 c5 18.Rd1 Rb8 19.dxc5 Bc3+
20.Ke2 Rb2+ 21.Kd3 Ba5 22.Bd4 1-0

[Event "XVe Open International de l'Indre"]
[Site "Chateauroux - FRA"]
[Date "2014.10.29"]
[Round "7.16"]
[White "Budak, Rewi"]
[Black "Petit, Matthias"]
[Result "1-0"]
[WhiteElo "1829"]
[BlackElo "1263"]
[Board "16"]
[Input " "]
[Owner "FFE"]

1.e4 d5 2.exd5 Nf6 3.d4 Bg4 4.Be2 Bxe2 5.Nxe2 Qxd5 6.O-O Nc6 7.Nbc3 
Qd7 8.Bf4 O-O-O 9.Nb5 Nd5 10.Bg3 a6 11.a4 h5 12.c4 h4 13.cxd5 hxg3 
14.dxc6 gxh2+ 15.Kh1 bxc6 16.Na3 Qg4 17.Qd3 Rd5 18.Qxa6+ Kd7 19.Rac1 
Rh6 20.Nc4 c5 21.Qb5+ Kd8 22.Ne3 Qe6 23.Qb8+ Kd7 24.Nf4 Qa6 25.Nfxd5 
1-0

[Event "XVe Open International de l'Indre"]
[Site "Chateauroux - FRA"]
[Date "2014.10.29"]
[Round "7.17"]
[White "Claudon, Andreas"]
[Black "Labbe, Georges"]
[Result "1/2-1/2"]
[WhiteElo "1479"]
[BlackElo "1819"]
[Board "17"]
[Input " "]
[Owner "FFE"]

1.e4 d6 2.d4 Nf6 3.Nc3 g6 4.f4 Bg7 5.Nf3 O-O 6.Be2 c5 7.d5 a6 8.a4 
Nbd7 9.O-O e5 10.dxe6 fxe6 11.Qxd6 Re8 12.e5 Ng4 13.Ng5 Bf8 14.Qd3 
Nh6 15.Nce4 Nf5 16.Kh1 Qc7 17.b3 b6 18.c4 Bb7 19.Bb2 Rad8 20.Qf3 Nd4 
21.Bxd4 cxd4 22.Qd3 Bc5 23.Bf3 a5 24.Bg4 Qc6 25.Bf3 Qc7 26.Bg4 Qc6 
27.Bf3 Qc7 1/2-1/2

[Event "XVe Open International de l'Indre"]
[Site "Chateauroux - FRA"]
[Date "2014.10.29"]
[Round "7.18"]
[White "Darre, Alain"]
[Black "Daliga, Anita"]
[Result "0-1"]
[WhiteElo "1643"]
[BlackElo "1489"]
[Board "18"]
[Input " "]
[Owner "FFE"]

1.d4 d5 2.Nc3 Nf6 3.Bg5 e6 4.Nf3 Be7 5.Bxf6 Bxf6 6.e4 b6 7.Bd3 Bb7 8.
O-O O-O 9.Re1 Nd7 10.e5 Be7 11.Ne2 c5 12.c3 Qc7 13.Rc1 f6 14.Nf4 Qc6 
15.Qd2 fxe5 16.Nxe5 Nxe5 17.dxe5 Bg5 18.g3 Rf7 19.c4 Raf8 20.cxd5 
exd5 21.e6 Re7 22.Qc2 Bxf4 23.Bxh7+ Kh8 24.gxf4 Rxe6 25.Rxe6 Qxe6 26.
f5 Qh6 27.Bg6 d4 28.Kf1 Qxh2 29.Ke1 Qg1+ 30.Ke2 Qg4+ 31.Ke1 Ba6 32.
Rd1 d3 33.Qc3 Qe2# 0-1

[Event "XVe Open International de l'Indre"]
[Site "Chateauroux - FRA"]
[Date "2014.10.29"]
[Round "7.19"]
[White "Wierzbowska, Aleksandra"]
[Black "Sogny, Richard"]
[Result "1-0"]
[WhiteElo "1409"]
[BlackElo "1624"]
[Board "19"]
[Input " "]
[Owner "FFE"]

1.d4 d5 2.c4 Nf6 3.Nc3 e6 4.cxd5 Nxd5 5.e4 Nxc3 6.bxc3 c5 7.Nf3 cxd4 
8.cxd4 Bb4+ 9.Bd2 Qa5 10.Rb1 Bxd2+ 11.Qxd2 Qxd2+ 12.Kxd2 O-O 13.Bd3 
Rd8 14.Rhc1 b6 15.Rc7 Nd7 16.Rbc1 f6 17.Bc4 Nc5 18.Ke3 Na6 19.Rxc8 
Raxc8 20.Bxe6+ Kf8 21.Rxc8 Rxc8 22.Bxc8 Nb4 23.Be6 Ke7 24.Bb3 a5 25.
a4 Na6 26.Bc4 Nc7 27.g4 Kd6 28.Nd2 g6 29.Nb3 h6 30.f4 Ne8 31.e5+ fxe5
32.dxe5+ Ke7 33.Bd3 g5 34.f5 Nc7 35.f6+ 1-0

[Event "XVe Open International de l'Indre"]
[Site "Chateauroux - FRA"]
[Date "2014.10.29"]
[Round "7.20"]
[White "Budak, Rezan"]
[Black "Rogier, Jean-Louis"]
[Result "1-0"]
[WhiteElo "1482"]
[BlackElo "1685"]
[Board "20"]
[Input " "]
[Owner "FFE"]

1.e4 c6 2.Nc3 d5 3.exd5 cxd5 4.d4 Nf6 5.Nf3 Bf5 6.Bg5 e6 7.Bb5+ Nc6 
8.O-O Be7 9.Ne5 Rc8 10.Na4 O-O 11.Bxc6 bxc6 12.Bxf6 Bxf6 13.Nc5 Bxe5 
14.dxe5 Rb8 15.b3 Rb5 16.Na4 Qc7 17.f4 c5 18.h3 f6 19.Nc3 Rb7 20.g4 
Bg6 21.f5 Bf7 22.fxe6 Bxe6 23.Re1 fxe5 24.Nxd5 Qf7 25.c4 Qf2+ 26.Kh1 
Rf3 27.Re3 Rxe3 28.Nxe3 Qxe3 29.Qd8+ Kf7 30.Rf1+ Kg6 31.Qe8+ Rf7 32.
Qxe6+ Rf6 33.Qe8+ 1-0